[Event "Portoroz op 14th"]
[Site "Portoroz"]
[Date "2023.07.15"]
[Round "1"]
[White "Ivancsics, Philipp"]
[Black "Olenik Campa, Rudi"]
[Result "1-0"]
[WhiteElo "1846"]
[BlackElo "2327"]
[PlyCount "81"]
[EventDate "2023.07.15"]
[EventType "swiss"]
[EventRounds "9"]
[EventCountry "SLO"]
[SourceTitle "CBM 215 Extra"]
[Source "ChessBase"]
[SourceDate "2023.09.30"]
[SourceVersion "1"]
[SourceVersionDate "2023.09.30"]
[SourceQuality "1"]

1. e4 c5 2. Nf3 Nc6 3. Bb5 g6 4. 0-0 Bg7 5. Bxc6 dxc6 6. d3 Qc7 7. Re1 Nf6 8. h3 h6 9. Nc3 e5 10. Be3 b6 11. a4 a5 12. Qd2 Nh5 13. Rad1 g5 14. Ne2 Be6 15. c3 Rd8 16. Qc2 Nf4 17. d4 Nxe2+ 18. Rxe2 g4 19. Nxe5 Bxe5 20. dxe5 gxh3 21. Rxd8+ Qxd8 22. g3 Rg8 23. Kh2 h5 24. f4 h4 25. Bf2 Qe7 26. Qd3 Bc8 27. Rd2 Rg6 28. f5 Rg8 29. gxh4 Rg2+ 30. Kxh3 Rg8 31. Be3 Rh8 32. Bf2 Rh6 33. Kg4 Bd7 34. Kf4 Qd8 35. Qg3 Rh8 36. Qg7 Rf8 37. f6 Qc8 38. h5 Bh3 39. h6 Bf1 40. h7 Qh3 41. Qxf8+ 1-0